000 00365nam a2200133Ia 4500
008 100328s9999 xx 000 0 und d
082 _b63645
100 _aसावंत वि.कृ.
245 _aअमृतकुंभ.
260 _bमाुश्री.
630 _aअमृतकुंभ.
730 _aअमृतकुंभ.
942 _cBOOK
999 _c549513
_d549510